Logo BPK

Biblioteka

Politechniki Koszalińskiej

Chemia budowlana / (Rekord nr 20947)

Szczegóły MARC
000 -ETYKIETA REKORDU
podpole kontrolne o stałej długości 00345nam a2200145 i 4500
001 - NUMER KONTROLNY REKORDU
pole kontrolne bg
040 ## - ŹRÓDŁO KATALOGOWANIA
Instytucja, która utworzyła rekord BPK
041 ## - KOD JĘZYKA
Kod języka tekstu pol
008 - POLE O STAŁEJ DŁUGOŚCI - DANE KONTROLNE
podpole kontrolne o stałej długości s pl f |000 0 pol
100 1# - NAZWA OSOBOWA
Nazwa osobowa UJMA, Joanna
245 #0 - TYTUŁ/ODPOWIEDZIALNOŚĆ
Tytuł Chemia budowlana /
Pozostałe elementy strefy tytułu i oznaczenia odpowiedzialności Joanna Ujma, Alicja Mazurek.
260 ## - STREFA ADRESU WYDAWNICZEGO
Miejsce wydania Częstochowa,
Data publikacji, dystrybucji/powstania dokumentu 1982.
700 1# - HASŁO DODATKOWE - NAZWA OSOBOWA
Nazwa osobowa MAZUREK, Alicja
856 ## - LOKALIZACJA I DOSTĘP DO ELEKTRONICZNYCH DOKUMENTÓW ZDALNYCH
Link (URL) http://koha.tu.koszalin.pl/cgi-bin/koha/opac-detail.pl?biblionumber=20947
Tekst linku Katalog online BPK
942 ## - DODATKOWE ELEMENTY (KOHA)
Typ dokumentu Książka
Egzemplarze
Wycofany Status egzemplarza Uszkodzony Dostępność Lokalizacja stała Lokalizacja bieżąca Miejsce przechowywania Sygnatura Kod kreskowy Ostatnio wypożyczono Typ dokumentu
      Dostępny Biblioteka Politechniki Koszalińskiej Biblioteka Politechniki Koszalińskiej Wypożyczalnia BG 29430 01298598 23.02.2017 Książka
© 2023 Biblioteka Politechniki Koszalińskiej :: KOHA